| 000 | 00894nam a2200229 i 4500 | ||
|---|---|---|---|
| 001 | 134267 | ||
| 003 | ES-MaACL | ||
| 005 | 20251012063053.0 | ||
| 007 | t| | ||
| 008 | 070907s1931 sp |||| | spa d | ||
| 080 | _a338:63(460) | ||
| 100 | 1 |
_aRodríguez-Jurado, Adolfo, _d1899-1982 _9159284 |
|
| 245 | 1 | 0 | _aDiscurso pronunciado en el Ateneo de Madrid por Don Adolfo Rodríguez-Jurado y de la Hera sobre el proyecto de reforma agraria en la Asamblea organizada por la Sección de Ciencias Económicas de dicha entidad. |
| 260 |
_aMadrid : _bVicente Rico, _c[1931] |
||
| 300 |
_a45 p. ; _c19 cm. |
||
| 610 | 2 | 4 |
_aAteneo de Madrid- _vConferencias- _y1900-1939 _91907 |
| 650 |
_aReforma agraria- _zEspaña- _y1931-1939. _916720 |
||
| 710 | 2 |
_aAteneo de Madrid. _bSección de Ciencias Económicas. _91975 |
|
| 852 |
_aES-MaACL _j2237-F-11 |
||
| 942 | _2ddc | ||
| 999 |
_c134267 _d134267 |
||